[Event "Schleswig Holstein-ch U16 VM"]
[Site "Neumuenster"]
[Date "2008.03.26"]
[Round "4"]
[White "Kankainen, Niklas"]
[Black "Weber, Birke"]
[Result "0-1"]
[WhiteElo "780"]
[BlackElo "999"]
[PlyCount "40"]
[EventDate "2008.03.24"]
[EventType "swiss"]
[EventRounds "9"]
[EventCountry "GER"]
[SourceTitle "EXT 2009"]
[Source "ChessBase"]
[SourceDate "2008.11.26"]
[SourceVersion "1"]
[SourceVersionDate "2008.11.26"]
[SourceQuality "1"]

1. e4 c5 2. Nc3 e6 3. Bb5 a6 4. Bc4 d6 5. Nf3 b5 6. Be2 Nf6 7. a3 b4 8. axb4 cxb4 9. Na2 Nxe4 10. 0-0 d5 11. d3 Nf6 12. c3 bxc3 13. Nxc3 Bd7 14. Na4 Bxa4 15. Qxa4+ Qd7 16. Qxd7+ Nfxd7 17. d4 Bd6 18. b3 0-0 19. Bb2 Rc8 20. Ne5 Rc2 0-1

[Event "Schleswig Holstein-ch U16 VM"]
[Site "Neumuenster"]
[Date "2008.03.25"]
[Round "2"]
[White "Weber, Birke"]
[Black "Luethje, Fabian"]
[Result "0-1"]
[WhiteElo "999"]
[BlackElo "1388"]
[PlyCount "92"]
[EventDate "2008.03.24"]
[EventType "swiss"]
[EventRounds "9"]
[EventCountry "GER"]
[SourceTitle "EXT 2009"]
[Source "ChessBase"]
[SourceDate "2008.11.26"]
[SourceVersion "1"]
[SourceVersionDate "2008.11.26"]
[SourceQuality "1"]

1. d4 Nf6 2. c4 g6 3. Bf4 Bg7 4. Nc3 d6 5. e3 Nh5 6. Nge2 e5 7. dxe5 Nxf4 8. exf4 dxe5 9. Qxd8+ Kxd8 10. fxe5 Bxe5 11. g3 Be6 12. Bg2 c6 13. b3 Bg4 14. 0-0-0+ Kc7 15. Rd2 Na6 16. f4 Bg7 17. Re1 Rhe8 18. Ne4 Re7 19. Nd4 f5 20. h3 Bxh3 21. Bxh3 fxe4 22. Ne6+ Kb6 23. Nxg7 Rxg7 24. Rxe4 Nc5 25. Red4 Re8 26. b4 Ne4 27. Re2 Nf6 28. Rxe8 Nxe8 29. Rd7 Rxd7 30. Bxd7 Nf6 31. Be6 a5 32. a3 axb4 33. axb4 Kc7 34. Kc2 Kd6 35. f5 gxf5 36. Bxf5 h6 37. Kd3 Ke5 38. Bc8 b6 39. Bb7 c5 40. bxc5 bxc5 41. Bc8 Ne4 42. g4 Kf4 43. Bb7 Nf6 44. Bc8 Nxg4 45. Bxg4 Kxg4 46. Ke2 Kf4 0-1

[Event "GER-chT WK 3 U16"]
[Site "Kiel"]
[Date "2007.05.17"]
[Round "2.4"]
[White "Dietz, Daniel"]
[Black "Weber, Birke"]
[Result "1-0"]
[WhiteElo "1032"]
[BlackElo "872"]
[PlyCount "87"]
[EventDate "2007.05.17"]
[EventType "team-swiss"]
[EventRounds "7"]
[EventCountry "GER"]
[SourceTitle "EXT 2008"]
[Source "ChessBase"]
[SourceDate "2007.11.25"]
[SourceVersion "1"]
[SourceVersionDate "2007.11.25"]
[SourceQuality "1"]

1. e4 c5 2. Nf3 g6 3. d4 cxd4 4. Nxd4 Bg7 5. Be3 Nf6 6. Nc3 d6 7. Bc4 Nc6 8. 0-0 0-0 9. h3 Qc7 10. Bd3 a6 11. Qd2 b6 12. Nxc6 Qxc6 13. Bh6 Bb7 14. Bxg7 Kxg7 15. Rfe1 Rfe8 16. Bc4 Qxc4 17. Qe3 d5 18. Qxb6 Qc6 19. Qd4 dxe4 20. Re3 Red8 21. Qb4 Nd5 22. Nxd5 Qxd5 23. Qxe7 Rd7 24. Qb4 Qd2 25. c3 Rad8 26. Qb3 Rd3 27. Rxd3 Rxd3 28. Qxb7 Rd6 29. Rf1 e3 30. fxe3 Qxe3+ 31. Kh1 Qe6 32. b3 Rd2 33. a3 Rd7 34. Qb4 f5 35. c4 Qd6 36. Qxd6 Rxd6 37. Rc1 Kf6 38. c5 Rc6 39. b4 Ke6 40. Rd1 h5 41. Kg1 g5 42. Kf2 Ke5 43. g3 Ke4 44. Rd6 1-0